जल से आकाश तक : (Record no. 53258)
[ view plain ]
| 000 -LEADER | |
|---|---|
| fixed length control field | 02302nam a22003017a 4500 |
| 005 - DATE AND TIME OF LATEST TRANSACTION | |
| control field | 20110627145048.0 |
| 010 ## - LCCN (DPL NO) | |
| LC control number | B-435663-667 |
| 020 ## - INTERNATIONAL STANDARD BOOK NUMBER | |
| International Standard Book Number | 9788182638808 |
| Terms of availability | 25.00 |
| 035 ## - SYSTEM CONTROL NUMBER | |
| System control number | B-435663-667 |
| 037 ## - SOURCE OF ACQUISITION | |
| Source of stock number/acquisition | ब्ल्यूबेरी बुक्स |
| 082 ## - DEWEY DECIMAL CLASSIFICATION NUMBER | |
| Classification number | क |
| 100 ## - MAIN ENTRY--PERSONAL NAME | |
| Personal name | रंजीत लाल |
| 245 ## - TITLE STATEMENT | |
| Title | जल से आकाश तक : |
| Statement of responsibility, etc | रंजीत लाल; संजय सरकार द्वारा चित्रांकित; भावना पंकज द्वारा हिन्दी अनुवाद |
| Remainder of title | चिउडे और व्याधपतंगे की कहानी / |
| 246 ## - VARYING FORM OF TITLE | |
| Title proper/short title | Jal se aakaash tak |
| Remainder of title | by Ranjeet Lal |
| 260 ## - PUBLICATION, DISTRIBUTION, ETC. (IMPRINT) | |
| Place of publication, distribution, etc | नई दिल्ली |
| Name of publisher, distributor, etc | प्रथम बुक्स |
| Date of publication, distribution, etc | 2008 |
| 270 ## - ADDRESS | |
| Address | 633-634, 4th "C" Main, 6th 'B' Cross, OMBR Layout, Banaswadi, |
| City | Bangalore |
| Postal code | 560043 |
| Telephone number | +91 11 41042483 |
| 300 ## - PHYSICAL DESCRIPTION | |
| Extent | 24पृ. |
| Other physical details | सचित्र |
| Dimensions | 22सेमी (अजिल्द) |
| 700 ## - ADDED ENTRY--PERSONAL NAME | |
| 9 (RLIN) | 28835 |
| Personal name | संजय सरकार |
| 700 ## - ADDED ENTRY--PERSONAL NAME | |
| Personal name | भावना पंकज |
| 9 (RLIN) | 28867 |
| 700 ## - ADDED ENTRY--PERSONAL NAME | |
| 9 (RLIN) | 28836 |
| 942 ## - ADDED ENTRY ELEMENTS (KOHA) | |
| Source of classification or shelving scheme | Dewey Decimal Classification |
| Item type | Children Books |
| Classification part | क |
| Call number suffix | रंजीत |
| Withdrawn status | Lost status | Not for loan | Collection code | Home library | Current library | Date acquired | Source of acquisition | Cost, normal purchase price | Full call number | Barcode | Copy number | Cost, replacement price | Koha item type | Public note |
|---|---|---|---|---|---|---|---|---|---|---|---|---|---|---|
| Fiction | Central Library | Central Library | 03/08/2011 | ब्लयूबेरी /6364/25.3.2011/83/21.3.11/31.3.11 | 25.00 | क रंजीत | B-435663 | 1 | 25.00 | Children Books | Legal Case (Register No. 29) | |||
| Fiction | Karol Bagh | Karol Bagh | 03/08/2011 | ब्लयूबेरी /6364/25.3.2011/83/21.3.11/31.3.11 | 25.00 | क रंजीत | B-435666 | 1 | 25.00 | Children Books | ||||
| Fiction | Patel Nagar | Patel Nagar | 03/08/2011 | ब्लयूबेरी /6364/25.3.2011/83/21.3.11/31.3.11 | 25.00 | क रंजीत | B-435664 | 1 | 25.00 | Children Books | ||||
| Fiction | Sarojini Nagar | Sarojini Nagar | 03/08/2011 | ब्लयूबेरी /6364/25.3.2011/83/21.3.11/31.3.11 | 25.00 | क रंजीत | B-435665 | 1 | 25.00 | Children Books | ||||
| Lost and Paid For | Fiction | Shahdara Branch | Shahdara Branch | 03/08/2011 | ब्लयूबेरी /6364/25.3.2011/83/21.3.11/31.3.11 | 25.00 | क रंजीत | B-435667 | 1 | 25.00 | Children Books |
